Návštevnícke centrum Čachtice

Uložené v:
Podrobná bibliografia
Hlavný autor: Drgoňová, Katarína (Autor)
Ďalší autori: Nádaská, Zuzana (Vedúci práce)
Médium: Rukopis Kniha
Jazyk:Slovak
Vydavateľské údaje: 2022
Predmet:
On-line prístup:http://is.stuba.sk/zp/portal_zp.pl?podrobnosti=165065
https://opac.crzp.sk/?fn=detailBiblioForm&sid=2990E1F3D3E255467A843459E9F3
Tagy: Pridať tag
Žiadne tagy, Buďte prvý, kto otaguje tento záznam!

MARC

LEADER 00000ntm a22000003a 4500
001 stuzp88930
003 SK-STU
005 20230502123327.1
007 ta
008 150427s2015----xo-----f-mn---000-0-slo-d
040 |a STU  |b slo 
041 0 |a slo 
100 1 |a Drgoňová, Katarína  |u 010310  |4 aut  |U SvF Stavebná fakulta  |T SvF Katedra architektúry  |X 87622  |U V181|V310  |Y 19  |7 87622 
242 0 1 |a Visitor centre Čachtice  |y eng 
245 1 0 |a Návštevnícke centrum Čachtice 
260 |c 2022 
650 4 |a návštevnícke centrum  |2 slo 
650 4 |a Čachtice  |2 slo 
650 4 |a Čachtický hrad  |2 slo 
650 4 |a múzeum  |2 slo 
650 4 |a Čachtice  |2 eng 
650 4 |a Visitor centre  |2 eng 
650 4 |a Čachtice castle  |2 eng 
650 4 |a museum  |2 eng 
700 1 |a Nádaská, Zuzana  |u 010310  |k Z1  |4 ths  |U SvF Stavebná fakulta  |T SvF Katedra architektúry  |X 790  |U V181|V310  |Y 19  |7 A000000790 
856 4 |u http://is.stuba.sk/zp/portal_zp.pl?podrobnosti=165065 
856 4 |u https://opac.crzp.sk/?fn=detailBiblioForm&sid=2990E1F3D3E255467A843459E9F3